000
00324pab a2200145 454500
008
180718b2000 xxu||||| |||| 00| 0 eng d
100
_a
Paul, Justin
245
_a
Euro: past, present and future
260
_c
2000
300
_a
p.48-51
362
_a
Jan-Jun
650
_a
Currencies
773
_a
Vision
909
_a
45770
999
_c
45770
_d
45770